000 00256nam a2200109Ia 4500
008 230320s9999||||xx |||||||||||||| ||spa||
082 _a862.5/T41/1960
100 _aTerencio Afer, Publio
245 0 _aTeatro Completo
260 _bAGUILAR
942 _80
_cLIB
999 _c32389
_d32389